| 000 | 01419nam a22003737a 4500 | ||
|---|---|---|---|
| 003 | CHAP | ||
| 005 | 20220329140232.0 | ||
| 008 | 971013s1985 r 00010 d | ||
| 010 | _a49006 | ||
| 011 | _a49978 | ||
| 035 | _a54128 | ||
| 040 | _cCHAP | ||
| 090 | _aTesis | ||
| 100 | 0 | 0 |
_aVerastegui Chávez, José. _9118832 |
| 245 | _aFechas de siembra en frijol y maíz, como reducción de la lámina de riego (simulación y campo), en Calera, Zac. durante 1984 | ||
| 260 |
_a(Monterrey, N.L.) : _bEl autor, _c1985 |
||
| 300 |
_a83 h. _b; gráfs. |
||
| 502 | _aTesis (M.C. Esp. en Planificación y Aprovechamiento de los Recursos de Agua y Suelo) -- ITESM. División de Ciencias Agropecuarias y Marítimas. Programa de Graduados | ||
| 590 |
_aALEPH _b10 _c20130110 _lUCH01 _h1321 |
||
| 590 |
_aBATCH-UPD _b10 _c20130110 _lUCH01 _h0303 |
||
| 590 |
_aBATCH-UPD _b10 _c20130110 _lUCH01 _h2034 |
||
| 590 |
_aBATCH-UPD _b10 _c20130409 _lUCH01 _h2334 |
||
| 590 |
_aBATCH-UPD _b10 _c20130410 _lUCH01 _h1350 |
||
| 590 |
_aBATCH-UPD _b10 _c20130914 _lUCH01 _h1441 |
||
| 590 |
_aCONVERSION _b10 _c20130109 _lUCH01 _h1327 |
||
| 650 | 1 | 4 |
_aFrijol _xFechas de siembra. _943378 |
| 650 | 1 | 4 |
_aFrijol _xIrrigación. _943398 |
| 650 | 1 | 4 |
_aMaíz _xFechas de siembra. _970954 |
| 650 | 1 | 4 |
_aMaíz _xIrrigación. _970998 |
| 650 | 1 | 4 |
_aMaíz _zZacatecas. _971104 |
| 901 | _aBK | ||
| 942 | _cTESIS | ||
| 949 |
_bBC _cTES _d-119606 _eTS1 _h17886 _i54128 _si |
||
| 999 |
_c49006 _d49006 |
||